|
|
|
|
| LEADER |
01066nam a2200289 a 4500 |
| 001 |
7745327 |
| 008 |
100830s2010 enkae b 001 0 eng d |
| 999 |
|
|
|c 9396
|d 9396
|
| 020 |
|
|
|a 9781856696043 (pbk.)
|
| 020 |
|
|
|a 1856696049 (pbk.)
|
| 040 |
|
|
|a UKM
|c UKM
|d YDXCP
|d TXI
|d NNC
|d DB-DhAAL
|
| 082 |
0 |
4 |
|a 747.023
|2 22
|
| 100 |
1 |
|
|a Gibbs, Jenny.
|9 32155
|
| 245 |
1 |
0 |
|a Interior design /
|c Jenny Gibbs
|
| 250 |
|
|
|a 2nd ed.
|
| 260 |
|
|
|a London :
|b Laurence King,
|c 2010.
|
| 300 |
|
|
|a 224 p. :
|b ill. (chiefly col.), plans (chiefly col.) ;
|c 26 cm.
|
| 490 |
1 |
|
|a Portfolio
|
| 500 |
|
|
|a Previous ed.: 2005.
|
| 504 |
|
|
|a Includes bibliographical references and index.
|
| 526 |
|
|
|a ARC
|
| 541 |
1 |
|
|e 00020862
|
| 650 |
|
0 |
|a Interior decoration
|x Vocational guidance.
|9 32156
|
| 830 |
|
0 |
|a Portfolio (Laurence King Publishing)
|9 32157
|
| 852 |
4 |
|
|a Ayesha Abed Library
|j General Shelf.
|
| 942 |
0 |
0 |
|0 1
|2 ddc
|c BK
|
| 952 |
|
|
|0 0
|1 0
|2 ddc
|4 0
|6 747_023000000000000_GIB_2010
|7 0
|9 11808
|a BRACUL
|b BRACUL
|c GEN
|d 2010-09-06
|l 23
|m 176
|o 747.023 GIB
|p 3010020862
|r 2025-08-26
|s 2025-07-20
|t 1
|w 2010-09-06
|y BK
|